[Event "Hastings8081"]
[Site "Hastings"]
[Date "1980.??.??"]
[Round "5"]
[White "Alburt, Lev O"]
[Black "Bellin, Robert"]
[Result "1/2-1/2"]
[WhiteElo "2515"]
[BlackElo "2440"]

1.d4 e6 2.e4 d5 3.Nc3 Bb4 4.Ne2 dxe4 5.a3 Be7 6.Nxe4 Nf6 7.Qd3 Nbd7 8.N2g3 Nxe4
9.Nxe4 Nf6 10.c4 Nxe4 11.Qxe4 f5 12.Qd3 Bf6 13.Be3 c5 14.O-O-O cxd4 15.Bxd4 Qxd4
16.Qxd4 Bxd4 17.Rxd4 e5 18.Rd5 e4 19.f3 exf3 20.gxf3 Be6 21.Re5 Kf7 22.Bd3 g6
23.Rhe1 Rhe8 24.c5 Bd7 25.f4 Rxe5 26.Rxe5 Be6 27.Kd2 Rd8 28.Kc3 Kf6 29.h4 h6
30.Re2 Bb3 31.Re3 Bf7 32.b4 Rd7 33.Re5 Be6 34.Re1 Bf7 35.Rg1 a6 36.a4 Rc7
37.Bc4 Be8 38.Bb3 Re7 39.Rg3 Bc6 40.Rd3 Re4 41.Rd6+ Ke7 42.Rxg6 Rxf4 43.Rxh6 Rf3+
44.Kb2 Rf2+ 45.Ka3 Rf3 46.Kb2 Rf2+ 47.Kc1 Rf1+ 48.Kd2 Rf2+ 49.Kc1 Rf1+ 50.Kb2  1/2-1/2

[Event "Hastings8081"]
[Site "Hastings"]
[Date "1980.??.??"]
[Round "5"]
[White "Andersson, Ulf"]
[Black "Littlewood, Paul E"]
[Result "1-0"]
[WhiteElo "2590"]
[BlackElo "2440"]

1.Nf3 b5 2.c3 e6 3.d4 Bb7 4.Bg5 f6 5.Bf4 f5 6.Nbd2 Nf6 7.e3 a6 8.Bg5 Be7
9.a4 b4 10.Bxf6 Bxf6 11.Bd3 Nc6 12.O-O g6 13.Nb3 O-O 14.Nc5 Bc8 15.Qe2 a5
16.Bb5 Ne7 17.cxb4 axb4 18.Rfc1 Nd5 19.Nb3 c6 20.Bd3 g5 21.g3 Qe7 22.a5 Qg7
23.Nbd2 e5 24.Bxf5 exd4 25.exd4 Bxd4 26.Nxd4 Qxd4 27.Nb3 Qf6 28.Bd3 d6 29.Rxc6 Bb7
30.Rc2 Rae8 31.Qg4 Qg7 32.a6 Nf6 33.Qxb4 Bf3 34.Nd4 Ba8 35.Nf5 Qa7 36.Qd4 Qxd4
37.Nxd4 Nd5 38.Bf1 Kh8 39.Nb5 Nb4 40.Rd2 d5  1-0

[Event "Hastings8081"]
[Site "Hastings"]
[Date "1980.??.??"]
[Round "5"]
[White "Brito, Luizmar J"]
[Black "Peters, John A"]
[Result "1/2-1/2"]
[WhiteElo "2255"]
[BlackElo "2465"]

1.e4 c5 2.Nf3 d6 3.d4 cxd4 4.Qxd4 Nc6 5.Bb5 Qd7 6.Bxc6 bxc6 7.O-O e5 8.Qd3 Nf6
9.Rd1 Be7 10.Bg5 Qe6 11.c4 O-O 12.Nc3 h6 13.Bh4 g5 14.Bg3 Nh5 15.b4 Bb7 16.Nd2 Rad8
17.b5 d5 18.cxd5 cxd5 19.exd5 Bxd5 20.Nxd5 Rxd5 21.Qe2 Nxg3 22.hxg3 Qd7 23.Nc4 Qxb5
24.Rxd5 Qxd5 25.Rd1 Qb5 26.Qxe5 Qxe5 27.Nxe5 Rd8 28.Rxd8+ Bxd8 29.Kf1 h5
30.g4 hxg4 31.Nxg4 Kg7 32.Ke2 f5 33.Ne3 Kf6 34.g4 fxg4  1/2-1/2

[Event "Hastings8081"]
[Site "Hastings"]
[Date "1980.??.??"]
[Round "5"]
[White "Lein, Anatoly"]
[Black "Chandler, Murray G"]
[Result "1/2-1/2"]
[WhiteElo "2520"]
[BlackElo "2450"]

1.c4 c5 2.Nc3 Nf6 3.Nf3 e6 4.g3 d5 5.cxd5 Nxd5 6.Bg2 Nc6 7.O-O Be7 8.Nxd5 exd5
9.d4 O-O 10.Be3 c4 11.Ne5 Bf5 12.Nxc6 bxc6 13.Bd2 Rb8 14.Bc3 Re8 15.Re1 Bf6
16.b3 cxb3 17.axb3 Rb7 18.Ra6 Qc8 19.Qa1 Rxb3 20.Rxa7 h5 21.Bd2 Qb8 22.Bf4 Qb6
23.Be5 Bxe5 24.dxe5 Qb8 25.f4 Qb6+ 26.Kf1 h4 27.Ra3 Rb8 28.Rxb3 Qxb3 29.Kf2 c5
30.Qd1 hxg3+ 31.hxg3 Be6 32.Qxb3 Rxb3 33.Rc1 Rb5  1/2-1/2

[Event "Hastings8081"]
[Site "Hastings"]
[Date "1980.??.??"]
[Round "5"]
[White "Liberzon, Vladimir M"]
[Black "Sunye Neto, Jaime"]
[Result "0-1"]
[WhiteElo "2545"]
[BlackElo "2415"]

1.e4 c5 2.Nf3 d6 3.d4 cxd4 4.Nxd4 Nf6 5.Nc3 a6 6.Be3 e5 7.Nb3 Be6 8.Qd2 Nbd7
9.f3 Rc8 10.g4 h6 11.h4 Qc7 12.Rh2 Nb6 13.O-O-O h5 14.g5 Nfd7 15.f4 g6 16.Rf2 exf4
17.Bxf4 Ne5 18.Nd4 Bg4 19.Ndb5 axb5 20.Bxe5 dxe5 21.Bxb5+ Ke7 22.Rf6 Bg7
23.Rxb6 Rhd8 24.Qf2 Bxd1 25.Nxd1 Rd4 26.Nc3 Rcd8 27.Rf6 Kf8 28.Rf3 Kg8 29.Ba4 Qd6
30.Qe2 f6 31.Bb3+ Kh8 32.Bd5 fxg5 33.Nb5 Qb6 34.Nxd4 Qxd4 35.Rd3 Qg1+ 36.Rd1 Qg3
37.hxg5 Qxg5+ 38.Kb1 b6 39.Qf2 Qf6 40.Qg2 Bh6 41.Rg1 Rf8 42.a4 Be3 43.Rh1 Qf3
44.Qxf3 Rxf3 45.c3 Bf4 46.Kc2 Rf2+ 47.Kb1 Kg7 48.b4 Kh6 49.a5 bxa5 50.bxa5 Be3
51.Rh3 Ba7 52.c4 g5 53.Be6 Rf4 54.Rb3 g4 55.a6 Rf6 56.Bc8 Rc6 57.Bf5 Rxa6  0-1

[Event "Hastings8081"]
[Site "Hastings"]
[Date "1980.??.??"]
[Round "5"]
[White "Popovic, Petar"]
[Black "Pinter, Jozsef"]
[Result "1/2-1/2"]
[WhiteElo "2490"]
[BlackElo "2535"]

1.e4 e5 2.Nf3 Nc6 3.Bb5 a6 4.Ba4 Nf6 5.O-O Be7 6.Re1 b5 7.Bb3 O-O 8.c3 d5
9.exd5 Nxd5 10.Nxe5 Nxe5 11.Rxe5 c6 12.d4 Bd6 13.Re1 Qh4 14.g3 Qh3 15.Be3 Bg4
16.Qd3 Rae8 17.Nd2 Re6 18.a4 f5 19.Qf1 Qh5 20.f4 bxa4 21.Bxd5 cxd5 22.Qg2 Rfe8
23.Qxd5 Kh8 24.Bf2 Be2 25.Rxa4 Bc4 26.Rxc4 Rxe1+ 27.Bxe1 Rxe1+ 28.Nf1  1/2-1/2

[Event "Hastings8081"]
[Site "Hastings"]
[Date "1980.??.??"]
[Round "5"]
[White "Torre, Eugenio"]
[Black "Mestel, A Jonathan"]
[Result "0-1"]
[WhiteElo "2520"]
[BlackElo "2485"]

1.d4 Nf6 2.c4 c5 3.d5 e5 4.Nc3 d6 5.e4 g6 6.g3 Bg7 7.Bg2 O-O 8.Nge2 Ne8 9.O-O Nd7
10.Qc2 a6 11.a3 Rb8 12.b4 Qc7 13.b5 f5 14.Rb1 Ndf6 15.h3 Kh8 16.Kh2 h5 17.f4 h4
18.Bf3 axb5 19.Nxb5 Qe7 20.fxe5 dxe5 21.Bg5 hxg3+ 22.Nxg3 f4 23.Nh1 Nd6 24.Nf2 Nf7
25.Bxf6 Bxf6 26.Rg1 Kh7 27.Rbd1 Nd6 28.Nxd6 Qxd6 29.Bg4 Bh4 30.Bxc8 Bg3+
31.Kg2 Rbxc8 32.Ng4 Bh4 33.Kf3 Ra8 34.Qc3 Ra4 35.Rd3 Bf6 36.Rb1 Rf7 37.Rb5 Bg7
38.Qe1 Qa6 39.Qh4+ Kg8 40.d6 Rxa3 41.Nf2 Rxd3+ 42.Nxd3 Qxd6 43.Nxc5  0-1

[Event "Hastings8081"]
[Site "Hastings"]
[Date "1980.??.??"]
[Round "6"]
[White "Bellin, Robert"]
[Black "Andersson, Ulf"]
[Result "1/2-1/2"]
[WhiteElo "2440"]
[BlackElo "2590"]

1.d4 Nf6 2.Nc3 d5 3.Bg5 Nbd7 4.Nf3 e6 5.e3 g6 6.Bd3 Bg7 7.O-O O-O 8.Re1 c5
9.Ne5 h6 10.Bh4 Nxe5  1/2-1/2

[Event "Hastings8081"]
[Site "Hastings"]
[Date "1980.??.??"]
[Round "6"]
[White "Brito, Luizmar J"]
[Black "Ftacnik, Lubomir"]
[Result "0-1"]
[WhiteElo "2255"]
[BlackElo "2470"]

1.e4 c5 2.Nf3 d6 3.d4 Nf6 4.Nc3 cxd4 5.Nxd4 a6 6.Bg5 e6 7.f4 Qb6 8.Qd2 Qxb2
9.Rb1 Qa3 10.f5 Nc6 11.fxe6 fxe6 12.Nxc6 bxc6 13.Bxf6 gxf6 14.e5 Bh6 15.Qd3 dxe5
16.Be2 O-O 17.O-O Ra7 18.Qc4 Rg7 19.Bg4 Qe7 20.Kh1 Kh8 21.Bh3 f5 22.Na4 Rd8
23.Nc5 Be3 24.Nd3 e4 25.Ne5 Qc5 26.Qe2 Bd4 27.Nc4 a5 28.Nb6 Bb7 29.Na4 Qa7
30.c4 Ba6 31.Rb3 Qc7 32.Rbb1 Qe5 33.Rbe1 c5 34.Nb6 Rb7 35.Nd5 exd5 36.Rxf5 Bxc4  0-1

[Event "Hastings8081"]
[Site "Hastings"]
[Date "1980.??.??"]
[Round "6"]
[White "Chandler, Murray G"]
[Black "Popovic, Petar"]
[Result "1/2-1/2"]
[WhiteElo "2450"]
[BlackElo "2490"]

1.d4 Nf6 2.c4 g6 3.Nc3 d5 4.cxd5 Nxd5 5.e4 Nxc3 6.bxc3 Bg7 7.Nf3 c5 8.Rb1 O-O
9.Be2 b6 10.O-O Bb7 11.Qd3 cxd4 12.cxd4 e6 13.Bg5 Qd6 14.Qe3 Rc8 15.Rfd1 Na6
16.Bh6 Bh8 17.Bf4 Qe7 18.Qd2 Rd8 19.Bg5 f6 20.Bh6 Rac8 21.Bd3 Nb8 22.h4 Nc6
23.Bb5 Na5 24.Qe2 Bg7 25.Bc1 Qf7 26.Bf4 h6 27.Bd3 Bf8 28.Rbc1 Qe8 29.Bd2 Nc6
30.Bc3 Qf7 31.Bc4 Nb8 32.Bb2 Kh7 33.Bd3 Kg8 34.Bc4 Kh7 35.Qe3 Qe8 36.Qf4 Bg7
37.Qe3 b5 38.Bd3 Kh8 39.Bc3 a6 40.Bb4 Rxc1 41.Rxc1  1/2-1/2

[Event "Hastings8081"]
[Site "Hastings"]
[Date "1980.??.??"]
[Round "6"]
[White "Littlewood, Paul E"]
[Black "Torre, Eugenio"]
[Result "1/2-1/2"]
[WhiteElo "2440"]
[BlackElo "2520"]

1.d4 d5 2.c4 c6 3.cxd5 cxd5 4.Nc3 Nf6 5.Nf3 Nc6 6.Bf4 Bf5 7.e3 e6 8.Bb5 Nd7
9.Qa4 Qb6 10.Nh4 Be4 11.Rc1 Be7 12.Nf3 Bxf3 13.gxf3 a6 14.Bxc6 bxc6 15.O-O O-O
16.Rc2 Qb7 17.Rfc1 c5 18.dxc5 Bxc5 19.Ne2 e5 20.Bg3 Bb6 21.Qc6 Qa7 22.Qxd5 Rfe8
23.b4 Rad8 24.Qb3 Qb7 25.Bh4 Rb8 26.e4 Nf8 27.Qd5 Qxd5 28.exd5 f6 29.f4 Bd8
30.fxe5 Rxb4 31.Bg3 fxe5 32.Rc8 Nd7 33.Ra8 Nb6 34.Rxa6 Nxd5 35.Rc8 Nf4 36.Nc3 Rd4
37.Bxf4 exf4 38.Kg2 Rf8 39.Kf3 Be7 40.Rxf8+ Kxf8  1/2-1/2

[Event "Hastings8081"]
[Site "Hastings"]
[Date "1980.??.??"]
[Round "6"]
[White "Mestel, A Jonathan"]
[Black "Lein, Anatoly"]
[Result "1-0"]
[WhiteElo "2485"]
[BlackElo "2520"]

1.e4 d5 2.exd5 Qxd5 3.Nc3 Qa5 4.Bc4 Nf6 5.d4 c6 6.Nf3 Bg4 7.h3 Bh5 8.Qe2 Nbd7
9.Bd2 Bxf3 10.Qxf3 Qb6 11.O-O-O Qxd4 12.Bxf7+ Kxf7 13.Be3 Ne5 14.Qg3 Qd6
15.Rxd6 exd6 16.Bd4 Re8 17.f4 Ned7 18.Qf3 d5 19.g4 Bc5 20.Bxc5 Nxc5 21.g5 Nfe4
22.Nxe4 Nxe4 23.f5 Nxg5 24.Qh5+ Kf6 25.Rg1 Ne4 26.Qh4+ Kf7 27.Qg4 Rhg8 28.Qh5+ Kf8
29.Qxh7 Nf6 30.Qh4 Kf7 31.Qg3 Re7 32.h4 Ke8 33.Qb8+ Kf7 34.Qxa7 Rge8 35.Qf2 Re4
36.Qg3 Rg4 37.Qh2 Re2 38.Qxe2 Rxg1+ 39.Kd2 Ne4+ 40.Kd3 Ke7 41.c4  1-0

[Event "Hastings8081"]
[Site "Hastings"]
[Date "1980.??.??"]
[Round "6"]
[White "Peters, John A"]
[Black "Pinter, Jozsef"]
[Result "0-1"]
[WhiteElo "2465"]
[BlackElo "2535"]

1.e4 e5 2.Nf3 Nc6 3.Bb5 a6 4.Ba4 Nf6 5.O-O Be7 6.Re1 b5 7.Bb3 O-O 8.a4 Bb7
9.d3 d6 10.Nc3 Na5 11.Ba2 b4 12.Ne2 c5 13.Ng3 Bc8 14.Nd2 Bg4 15.f3 Be6 16.Nc4 Nxc4
17.Bxc4 Qd7 18.f4 exf4 19.Bxf4 d5 20.Ba2 Rad8 21.Be5 c4 22.exd5 Qxd5 23.d4 Ng4
24.Qf3 Nxe5 25.Qxd5 Rxd5 26.Rxe5 Rxe5 27.dxe5 Rd8 28.Ne4 b3 29.cxb3 cxb3
30.Bb1 Rd1+ 31.Kf2 g6 32.Ke2 Bg4+ 33.Ke3 Kg7 34.h3 Be6 35.a5 Rg1 36.Kf2 Rh1
37.Ke3 f5 38.exf6+ Bxf6 39.Nc5  0-1

[Event "Hastings8081"]
[Site "Hastings"]
[Date "1980.??.??"]
[Round "7"]
[White "Popovic, Petar"]
[Black "Mestel, A Jonathan"]
[Result "1/2-1/2"]
[WhiteElo "2490"]
[BlackElo "2485"]

1.e4 c5 2.Nf3 d6 3.d4 cxd4 4.Nxd4 Nf6 5.Nc3 g6 6.Be3 Bg7 7.f3 O-O 8.Qd2 Nc6
9.Bc4 Bd7 10.h4 Rc8 11.Bb3 h5 12.O-O-O Ne5 13.Bh6 Bxh6 14.Qxh6 Rxc3 15.bxc3 Qc7
16.Ne2 Bb5 17.Qe3 Rc8 18.Kb1 a5 19.a4 Nc4 20.Qh6 Ba6 21.Nd4 Qc5 22.Rhe1 Na3+
23.Ka2 Nc4 24.Kb1 Na3+ 25.Ka2 Nc4  1/2-1/2

[Event "Hastings8081"]
[Site "Hastings"]
[Date "1980.??.??"]
[Round "7"]
[White "Andersson, Ulf"]
[Black "Sunye Neto, Jaime"]
[Result "1/2-1/2"]
[WhiteElo "2590"]
[BlackElo "2415"]

1.Nf3 Nf6 2.c4 e6 3.g3 b6 4.Bg2 Bb7 5.d4 Bb4+ 6.Nbd2 O-O 7.O-O d5 8.b3 Nbd7
9.Bb2 Rc8 10.Rc1 Qe7 11.e3 Rfd8 12.Qe2 c5 13.Rfd1 cxd4 14.Nxd4 a6 15.cxd5 Nxd5
16.Nc4 b5 17.a3 bxc4 18.bxc4 Bxa3 19.cxd5 Rxc1 20.Rxc1 Ne5 21.Ra1 Bxb2 22.Qxb2 Nc4  1/2-1/2

[Event "Hastings8081"]
[Site "Hastings"]
[Date "1980.??.??"]
[Round "7"]
[White "Ftacnik, Lubomir"]
[Black "Peters, John A"]
[Result "1/2-1/2"]
[WhiteElo "2470"]
[BlackElo "2465"]

1.d4 Nf6 2.Nf3 d5 3.c4 e6 4.g3 dxc4 5.Bg2 c5 6.O-O Nc6 7.Qa4 Bd7 8.Qxc4 cxd4
9.Nxd4 Rc8 10.Nc3 Nxd4 11.Qxd4 Bc5 12.Qh4 Bc6 13.Rd1 Qa5 14.Bd2 Be7 15.Nd5 Nxd5
16.Qxe7+ Nxe7 17.Bxa5 Bxg2 18.Kxg2 Nc6 19.Bc3 f6 20.b4 a6 21.a4 Ne7 22.Be1 f5
23.Rd6 Rc6 24.Rxc6 bxc6 25.Rd1 Nd5 26.Kf3 Ke7 27.e4 fxe4+ 28.Kxe4 Rb8 29.Rd4 Nb6
30.a5 Nd5 31.Kd3 Nf6 32.Bc3 Rb5 33.Rc4 Kd6 34.f4 Rd5+ 35.Ke2 Kd7 36.h3 Rh5
37.h4 Rd5 38.Be5 Ne8 39.h5 Nd6 40.Rc5 Ne4 41.Rxd5+ cxd5 42.g4 g6 43.hxg6 hxg6
44.Ke3 Kc6 45.Bg7 Kb5 46.Kd4 Kxb4 47.f5 gxf5 48.gxf5 exf5 49.Kxd5 Kxa5 50.Ke5 Kb4
51.Kxf5 Nc5 52.Bh6 Kc3 53.Be3  1/2-1/2

[Event "Hastings8081"]
[Site "Hastings"]
[Date "1980.??.??"]
[Round "7"]
[White "Lein, Anatoly"]
[Black "Littlewood, Paul E"]
[Result "1-0"]
[WhiteElo "2520"]
[BlackElo "2440"]

1.Nf3 Nf6 2.d4 e6 3.g3 c5 4.Bg2 Nc6 5.O-O d5 6.c4 dxc4 7.Qa4 Bd7 8.Qxc4 cxd4
9.Nxd4 Rc8 10.Nc3 Nxd4 11.Qxd4 Bc5 12.Qh4 Bc6 13.Rd1 Qa5 14.Bg5 Be7 15.Bxc6+ Rxc6
16.Ne4 Qe5 17.Bxf6 Bxf6 18.Nxf6+ Qxf6 19.Qxf6 gxf6 20.Rac1 Ke7 21.Rxc6 bxc6
22.Rd4 Rb8 23.b3 Rb5 24.Ra4 a5 25.Kg2 Rc5 26.Kf3 Re5 27.Rc4 Kd6 28.Rh4 h5
29.g4 hxg4+ 30.Rxg4 Ke7 31.h4 Rd5 32.e3 f5 33.Rc4 Rd2 34.Ra4 Rd5 35.Ke2 Rb5
36.Rc4 Kd6 37.Kd3 Rb8 38.h5 Rh8 39.Rh4 Rh6 40.Kc4 e5 41.f4 f6 42.b4 axb4
43.Kxb4 Kd5 44.a4 c5+ 45.Kc3 Ke4 46.fxe5+ Kxe3 47.e6 f4 48.e7 Rh8 49.Kc4 f3
50.Kxc5 f2 51.Rh1 Kf3 52.Kd6 Kg2 53.Ra1 f1=Q 54.Rxf1 Kxf1 55.Kd7 f5 56.e8=Q Rxe8
57.Kxe8 f4 58.h6  1-0

[Event "Hastings8081"]
[Site "Hastings"]
[Date "1980.??.??"]
[Round "7"]
[White "Liberzon, Vladimir M"]
[Black "Brito, Luizmar J"]
[Result "1/2-1/2"]
[WhiteElo "2545"]
[BlackElo "2255"]

1.e4 c5 2.Nf3 d6 3.d4 cxd4 4.Nxd4 Nf6 5.Nc3 a6 6.Be3 e5 7.Nb3 Be6 8.Qd2 Nbd7
9.f3 Qc7 10.g4 h6 11.h4 Rc8 12.Rg1 Nb6 13.g5 hxg5 14.hxg5 Nfd7 15.O-O-O d5
16.exd5 Nxd5 17.Nxd5 Bxd5 18.Rg3 Be6 19.c3 Nb6 20.f4 Nd5 21.f5 Nxe3 22.Rxe3 Bxf5
23.Nd4 Bd7 24.Rxe5+ Qxe5 25.Re1 Qxe1+ 26.Qxe1+ Be7 27.Bg2 b5 28.g6 Rc5 29.Kb1  1/2-1/2

[Event "Hastings8081"]
[Site "Hastings"]
[Date "1980.??.??"]
[Round "7"]
[White "Pinter, Jozsef"]
[Black "Chandler, Murray G"]
[Result "0-1"]
[WhiteElo "2535"]
[BlackElo "2450"]

1.d4 Nf6 2.c4 e6 3.Nf3 b6 4.Nc3 Bb4 5.Bg5 h6 6.Bh4 g5 7.Bg3 Ne4 8.Qc2 Bb7
9.e3 Bxc3+ 10.bxc3 Nxg3 11.hxg3 Nc6 12.Nd2 Qe7 13.Nb3 Qa3 14.Rb1 Qa4 15.Bd3 d6
16.c5 O-O-O 17.Qb2 Na5 18.Nd2 Qd7 19.cxb6 cxb6 20.f3 Kb8 21.Kf2 Rc8 22.Qa3 h5
23.Rb5 h4 24.gxh4 gxh4 25.Rh3 Rc7 26.c4 f6 27.Rb1 f5 28.Rbh1 Qd8 29.Be2 e5
30.Qb2 f4 31.exf4 exf4 32.d5 Bc8 33.R3h2 h3 34.gxh3 Qh4+ 35.Kf1 Rg8 36.Qd4 Rg3
37.Bd3 Re7 38.Be4 Nb7 39.Ke2 Nc5 40.Kd1 Nxe4 41.fxe4 Ra3 42.Qb2 Qg3 43.Kc2 Qd3+
44.Kd1 Bd7 45.Rg1 Ba4+ 46.Ke1 Rc3 47.c5 Qe3+  0-1

[Event "Hastings8081"]
[Site "Hastings"]
[Date "1980.??.??"]
[Round "7"]
[White "Torre, Eugenio"]
[Black "Bellin, Robert"]
[Result "1/2-1/2"]
[WhiteElo "2520"]
[BlackElo "2440"]

1.g3 f5 2.Bg2 Nf6 3.c4 e6 4.Nc3 Be7 5.d3 O-O 6.e4 fxe4 7.dxe4 e5 8.Be3 Nc6
9.Nd5 Nxd5 10.cxd5 Bb4+ 11.Kf1 Ne7 12.Qb3 Bd6 13.Nf3 Kh8 14.Qc3 Qe8 15.Nd2 b6
16.Kg1 Ba6 17.Nc4 Bxc4 18.Qxc4 Ng8 19.h3 Qh5 20.Bf1 Nf6 21.Rc1  1/2-1/2

[Event "Hastings8081"]
[Site "Hastings"]
[Date "1980.??.??"]
[Round "8"]
[White "Ftacnik, Lubomir"]
[Black "Liberzon, Vladimir M"]
[Result "1-0"]
[WhiteElo "2470"]
[BlackElo "2545"]

1.d4 d5 2.c4 e6 3.Nf3 Nf6 4.g3 Be7 5.Bg2 O-O 6.O-O dxc4 7.Ne5 Nc6 8.Nxc6 bxc6
9.Na3 Bxa3 10.bxa3 Nd5 11.Qa4 Nb6 12.Qxc6 Rb8 13.Qc5 Bb7 14.e4 Qd6 15.Bf4 Qxc5
16.dxc5 Na4 17.Rfc1 Ba6 18.Bf1 Nxc5 19.Bxc4 Bxc4 20.Rxc4 Na6 21.Bxc7 Nxc7
22.Rxc7 g5 23.Rd1 Rb2 24.Kg2 Kg7 25.h3 Re2 26.Kf3 Rxa2 27.Rxa7 Kg6 28.Rdd7 h5
29.Rdc7 Rb2 30.a4 Rb3+ 31.Kg2 Rb4 32.e5 Re4 33.Rc5 Kf5 34.a5 Rxe5 35.Rxe5+ Kxe5
36.a6 f5 37.Rh7 Ra8 38.a7 g4 39.h4 Ke4 40.Rb7 e5 41.Kf1 Kd3 42.Rd7+ Ke4 43.Ke2 f4
44.Rb7 Kd4 45.Rf7 Re8 46.Rd7+ Kc3 47.Re7 Ra8 48.Rf7 Re8 49.Rf6 Ra8 50.Ra6 Kd4
51.Kd2 Ke4 52.Ra3 Rd8+ 53.Ke2 Ra8 54.Ra4+ Kf5 55.Kd2 Rd8+ 56.Ke1 Ra8 57.Ke2 Kg6
58.Kd3 Kf5 59.Ra5 Rd8+ 60.Kc4 Ra8 61.Kd5 Rd8+ 62.Kc4 Ra8 63.Kd5 Rd8+ 64.Kc6 Ke4
65.Ra3 Rg8 66.Rb3 Rg6+ 67.Kb7 Rg7+ 68.Ka6  1-0

[Event "Hastings8081"]
[Site "Hastings"]
[Date "1980.??.??"]
[Round "8"]
[White "Littlewood, Paul E"]
[Black "Popovic, Petar"]
[Result "1/2-1/2"]
[WhiteElo "2440"]
[BlackElo "2490"]

1.d4 Nf6 2.c4 g6 3.Nc3 d5 4.Nf3 Bg7 5.Bg5 dxc4 6.e3 Be6 7.Be2 O-O 8.O-O c6
9.Nd2 b5 10.a4 b4 11.Bxf6 exf6 12.Nce4 Nd7 13.Nxc4 f5 14.Ned2 f4 15.Bf3 fxe3
16.fxe3 Bd5 17.Rc1 Qe7 18.Re1 Rac8 19.Na5 Qe6 20.e4 Bxd4+ 21.Kh1 Ba2 22.Bg4 Qe7
23.Nf3 c5 24.b3 Bc3 25.Qxd7 Qf6 26.Qb5 Rce8 27.Qe2 Bxe1 28.Rxe1 Qd8 29.Qxa2 Qxa5
30.Bd7 Re7 31.Bb5 Qb6 32.Bc4 Qf6 33.e5 Qf4 34.Qe2 Rd8 35.h3 h6 36.Rd1 Rxd1+
37.Qxd1 Kh7 38.Kg1 Qe3+ 39.Kf1 Kg7 40.Qe2 Qc3 41.Qd3 Qxd3+ 42.Bxd3 f6 43.exf6+ Kxf6
44.Kf2 Re8 45.Bc4 Kf5 46.Bd3+ Kf6 47.Nd2 Re5 48.Kf3 g5 49.Ne4+ Ke7 50.Nf2 Re1
51.Bc4 Kd6 52.Nd3 Rg1 53.Kg3 h5 54.Kf2 Ra1 55.Kf3 Ra2 56.Nc1 Rc2 57.Nd3 Ra2
58.g4 h4 59.Nf2 Ke5 60.Ne4 Rc2 61.Ke3 Rg2 62.Nxg5 Rg3+ 63.Nf3+ Kf6 64.Bf1 c4
65.Bxc4 Rxh3 66.g5+ Kf5 67.Bd3+ Kg4 68.Be4 Rg3 69.g6 h3 70.g7 Kh5 71.Kf4 Rg4+
72.Ke3 Rxg7 73.Bf5 Rg3 74.Kf4  1/2-1/2

[Event "Hastings8081"]
[Site "Hastings"]
[Date "1980.??.??"]
[Round "8"]
[White "Mestel, A Jonathan"]
[Black "Pinter, Jozsef"]
[Result "1/2-1/2"]
[WhiteElo "2485"]
[BlackElo "2535"]

1.g3 Nf6 2.Bg2 d5 3.d3 c6 4.Nf3 Bg4 5.b3 Nbd7 6.Bb2 e6 7.Nbd2 Be7 8.O-O O-O
9.c4 a5 10.a3 Bd6 11.d4 Qe7 12.Re1 e5 13.cxd5 cxd5 14.h3 Bh5 15.dxe5 Nxe5
16.Nd4 Bg6 17.N2f3 Ne4 18.Nb5 Bb8 19.Qd4 Re8 20.Rac1 Nf6 21.Qc5 Qxc5 22.Rxc5 b6
23.Rcc1 Nxf3+ 24.Bxf3 Be5 25.Bxe5 Rxe5 26.Rc6 Rb8 27.e3 Bf5 28.g4 Bd7 29.Nd4 h5
30.Rc7 Rbe8 31.Nc6 Bxc6 32.Rxc6 hxg4 33.hxg4 d4 34.Rxb6 Rg5 35.Kf1 Nxg4 36.Bxg4 Rxg4
37.exd4 Rxe1+ 38.Kxe1 Rxd4 39.Ke2 Rd5 40.Rb8+ Kh7 41.a4 Re5+ 42.Kd3 Rf5 43.Ke3 Re5+
44.Kd4 Rf5 45.Ke3 Re5+ 46.Kf4 Re2 47.f3 Kg6 48.Rb6+ f6 49.Rb5 Rb2 50.Ke4 Kf7
51.f4 g6 52.f5 g5 53.Rb7+ Kf8 54.Kf3 Rh2 55.Rb5 Rh3+ 56.Kg4 Rh4+ 57.Kg3 Ke7
58.Rxa5 Rb4 59.Ra6 Rxb3+ 60.Kg4 Rb4+ 61.Kh5 g4 62.Kg6 g3 63.Re6+ Kf8 64.Kxf6  1/2-1/2

[Event "Hastings8081"]
[Site "Hastings"]
[Date "1980.??.??"]
[Round "8"]
[White "Brito, Luizmar J"]
[Black "Alburt, Lev O"]
[Result "1-0"]
[WhiteElo "2255"]
[BlackElo "2515"]

1.e4 Nf6 2.Nc3 d5 3.e5 Ne4 4.Nf3 Bg4 5.h3 Bh5 6.g4 Nxc3 7.bxc3 Bg6 8.d3 e6
9.Bg2 c5 10.O-O Nc6 11.Qe2 Be7 12.Bf4 Qa5 13.Bd2 Qa3 14.Rfb1 b6 15.Ne1 h5
16.f4 hxg4 17.hxg4 O-O-O 18.Nf3 c4 19.Be1 Qa4 20.Bg3 Qa3 21.Be1 Rh6 22.Qd2 Rdh8
23.Bf2 Qa6 24.Rd1 Ba3 25.Rab1 Rd8 26.Bh4 Rdh8 27.Bf2 Qa4 28.Be3 R6h7 29.Qf2 Be7
30.Qd2 Rd8 31.Qf2 Qxa2 32.f5 exf5 33.Ra1 Qb2 34.gxf5 Bh5 35.Rdb1 Qxc3 36.Nd4 Na5
37.Bd2 Qxd2 38.Qxd2 Bc5 39.Qf4 cxd3 40.cxd3 Rh6 41.Kf1 f6 42.Rxa5  1-0

[Event "Hastings8081"]
[Site "Hastings"]
[Date "1980.??.??"]
[Round "8"]
[White "Peters, John A"]
[Black "Chandler, Murray G"]
[Result "1/2-1/2"]
[WhiteElo "2465"]
[BlackElo "2450"]

1.e4 g6 2.d4 Bg7 3.Nc3 d6 4.Bg5 Nd7 5.Nf3 c6 6.a4 Ngf6 7.Be2 h6 8.Be3 e5
9.dxe5 dxe5 10.Nd2 O-O 11.O-O Qe7 12.Nb3 Rd8 13.Qc1 Kh7 14.a5 Nf8 15.Bc5 Qe8
16.Qe3 h5 17.Rfd1 Rxd1+ 18.Rxd1 Ne6 19.Bc4 Nxc5 20.Nxc5 b6 21.axb6 axb6 22.N5a4 b5
23.Nb6 Rb8 24.Nxc8 Rxc8 25.Bb3 Bf8 26.h3 Kg7 27.Ne2 Rd8 28.Rxd8 Qxd8 29.c3  1/2-1/2

[Event "Hastings8081"]
[Site "Hastings"]
[Date "1980.??.??"]
[Round "8"]
[White "Sunye Neto, Jaime"]
[Black "Torre, Eugenio"]
[Result "0-1"]
[WhiteElo "2415"]
[BlackElo "2520"]

1.c4 c6 2.Nf3 Nf6 3.d4 d5 4.e3 Bg4 5.cxd5 Bxf3 6.gxf3 cxd5 7.Qb3 Qd7 8.Nc3 Nc6
9.Bd2 e6 10.Rc1 Bd6 11.Bh3 Rd8 12.Na4 Qe7 13.Nc5 Bxc5 14.Rxc5 O-O 15.Rxc6 bxc6
16.Bb4 Qb7 17.Bxf8 Qxb3 18.axb3 Kxf8 19.Kd2 Rb8 20.Kc3 Ke7 21.Ra1 Rb7 22.Ra6 Rc7
23.b4 Nd7 24.Bf1 Nb6 25.Bd3 h6 26.Ra1 Nc8 27.Rg1 g6 28.Kb3 Nd6 29.Rc1 Kd7
30.Ra1 Kc8 31.Rc1 Kb7 32.Rg1 Re7 33.f4 Rd7 34.Kc3 Kb6 35.f3 Re7 36.Ra1 Re8
37.Ra6+ Kb7 38.Ra1 g5 39.fxg5 hxg5 40.Rg1 Rh8 41.Rxg5 Rxh2 42.Rg3 Kb6 43.Kb3 Rf2
44.Kc3 Kc7 45.Rh3 Kd7 46.Rg3 Rh2 47.Kb3 Ke7 48.Kc3 Kf6 49.Rg1 Rh3 50.Rf1 Ke7
51.Rf2 Kd7 52.Rf1 Kc7 53.Kb3 Kb6 54.Kc3 f6 55.Rf2 e5 56.Kd2 Rh4 57.Kc3 exd4+
58.exd4 Rf4 59.Rf1 Kb7 60.Be2 Nf5 61.Rd1 Kb6 62.Rd2 Rh4 63.Bd1 Nd6 64.Be2 Rh2
65.Kd3 Nc4 66.Rc2 f5 67.Kc3 Nd6 68.Rd2 Rf2 69.Kc2 Nb5 70.Kd3 f4 71.Kc2 Rxe2  0-1

[Event "Hastings8081"]
[Site "Hastings"]
[Date "1980.??.??"]
[Round "9"]
[White "Pinter, Jozsef"]
[Black "Littlewood, Paul E"]
[Result "0-1"]
[WhiteElo "2535"]
[BlackElo "2440"]

1.d4 Nf6 2.c4 e6 3.Nc3 Bb4 4.Nf3 c5 5.e3 O-O 6.Bd3 d5 7.O-O cxd4 8.exd4 dxc4
9.Bxc4 b6 10.Re1 Bb7 11.Bg5 Nbd7 12.Bd3 Rc8 13.Rc1 Bxc3 14.bxc3 Qc7 15.Bh4 Rfd8
16.Bg3 Qc6 17.h3 Qd5 18.c4 Qa5 19.Bb1 Bxf3 20.gxf3 Nf8 21.Re5 Qa6 22.Rb5  0-1

[Event "Hastings8081"]
[Site "Hastings"]
[Date "1980.??.??"]
[Round "9"]
[White "Chandler, Murray G"]
[Black "Mestel, A Jonathan"]
[Result "1-0"]
[WhiteElo "2450"]
[BlackElo "2485"]

1.d4 Nf6 2.c4 c5 3.d5 e5 4.Nc3 d6 5.e4 g6 6.f3 Nh5 7.Be3 Be7 8.Qd2 f5 9.exf5 gxf5
10.g3 O-O 11.Bd3 Nd7 12.O-O-O a6 13.Nge2 Ng7 14.Rhg1 Kh8 15.g4 f4 16.Bf2 Bh4
17.Bxh4 Qxh4 18.Ne4 Qe7 19.h4 b5 20.cxb5 axb5 21.Bxb5 Rxa2 22.N2c3 Ra7 23.h5 Nf6
24.Nxf6 Qxf6 25.Qd3 Qd8 26.Kd2 Qb6 27.Rb1 Ba6 28.Bxa6 Rxa6 29.h6 Ne8 30.g5 c4
31.Qxc4 Nc7 32.Qd3 Rg8 33.Rg2 Ra5 34.Ke1 Nb5 35.Qf5 Qd8 36.Nxb5 Rxb5 37.Ra1 Rf8
38.Qe6 Rb7 39.Kf1 Re7 40.Ra8 Rxe6 41.Rxd8 Rxd8 42.dxe6 Kg8 43.Rc2 Re8 44.Rc7 Rxe6
45.Rg7+ Kh8 46.b4 d5 47.Rb7 Kg8 48.b5 e4 49.b6 e3 50.Rg7+ Kf8 51.g6 hxg6
52.b7 Rb6 53.Rc7 Rb1+ 54.Ke2 Rb2+ 55.Kd3 e2 56.h7 e1=B 57.h8=Q+  1-0

[Event "Hastings8081"]
[Site "Hastings"]
[Date "1980.??.??"]
[Round "9"]
[White "Lein, Anatoly"]
[Black "Sunye Neto, Jaime"]
[Result "1/2-1/2"]
[WhiteElo "2520"]
[BlackElo "2415"]

1.Nf3 Nf6 2.d4 e6 3.c4 b6 4.a3 Bb7 5.Nc3 d5 6.cxd5 Nxd5 7.e3 Be7 8.Bb5+ c6
9.Bd3 c5 10.Nxd5 Qxd5 11.dxc5 Bxc5 12.Bb5+ Ke7 13.Qxd5 Bxd5 14.Bd2 f6 15.Ke2 a6
16.Bd3 Bb7 17.Rac1 e5 18.Rc4 Nd7 19.e4 Rhc8 20.b4  1/2-1/2

[Event "Hastings8081"]
[Site "Hastings"]
[Date "1980.??.??"]
[Round "9"]
[White "Alburt, Lev O"]
[Black "Ftacnik, Lubomir"]
[Result "0-1"]
[WhiteElo "2515"]
[BlackElo "2470"]

1.d4 Nf6 2.c4 g6 3.Nc3 d5 4.Nf3 Bg7 5.cxd5 Nxd5 6.e4 Nxc3 7.bxc3 c5 8.Bb5+ Nd7
9.O-O O-O 10.Bg5 h6 11.Bh4 Nf6 12.Re1 Nh5 13.Rc1 g5 14.Nxg5 hxg5 15.Bxg5 Nf6
16.Bxf6 exf6 17.Re3 cxd4 18.cxd4 f5 19.Rg3 f4 20.Rd3 Qg5 21.Rc5 Qg6 22.Qf3 b6
23.Rc7 Qg5 24.Bc6 Bg4 25.h4 Bxf3 26.hxg5 Rac8 27.Rxc8 Rxc8 28.Bd5 Be2 29.Ra3 Bxd4
30.g6 Rc1+ 31.Kh2 Bxf2 32.g4 fxg3+  0-1